000 00679nam a22002177a 4500
003 UA-OsUOA
001 86829
007 ta
008 20120911b un ||||| |||| 00| 0 ukr d
090 _a94(4)"1939/1945"
_bН30
942 _cBK
040 _aUA-OsUOA
_brus
_cUA-OsUOA
_dUA-OsUOA
245 _aНарод против фашизма 1939 - 1945
_bисторическй очерк
_cпод ред. Гребенникова В. Н.
300 _a368 с.
955 _a2
041 _arus
080 _a94(4)"1939/1945"
260 _aМ.
_bПрогресс
_c1986
650 7 _a9 Географія. Біографії. Історія
_2UDC
999 _c372995
_d372995